Представление документа в формате RUSMARC

ПолеНазваниеЗначение
  Тип записи a
  Библиографический уровень m
001 Контрольный номер db32a9e700874f4491fbb2244ab771a9
005 Дата корректировки 20140605103517.4
010 Индекс ISBN __
a ISBN 978-5-88842-118-5
101 Язык документа 0_
a Язык текста rus
102 Страна публикации __
a Страна публикации RU
200 Заглавие и сведения об ответственности 1_
a Заглавие Проблемы образования, науки. Социальная роль потребительской кооперации
e Сведения, относящиеся к заглавию статьи, выступления, интервью
f Первые сведения об ответственности Б. Ф. Кевбрин
g Последующие сведения об ответственности Саранский кооп. ин-т
210 Выходные данные 1_
a Место издания Саранск
d Дата издания 2009
215 Физическое описание __
a Объем 511, [1] с.
607 Географические рубрики __
a Географическое наименование филиал
b Саранск
610 Ключевые слова 0_
a Ключевые слова кооперативное образование
610 Ключевые слова 0_
a Ключевые слова потребительская кооперация
686 Индексы других классификаций __
a Классификационный индекс 74.58
2 Код системы rubbk
686 Индексы других классификаций __
a Классификационный индекс 65.9(2)421.8
2 Код системы rubbk
700 Автор _1
a Фамилия Кевбрин
b Имя Б. Ф.
g Полное личное имя Борис Федорович
711 Наименование организации. (Альтернативная ответственность) 02
a Организация/ юрисдикция Саранский кооп. ин-т
801 Источник записи _0
a Страна RU
b Организация РУК
c Дата составления 20100510
g Правила каталогизации PSBO
801 Источник записи _1
a Страна RU
b Организация РУК
c Дата составления 20100510
g Правила каталогизации PSBO
852 Данные о местонахождении __
i Авторский знак К 33
j Шифр хранения ББК 74
901 Тип документа __
t Тип документа m
938 Служебная информация __
a Название организации Головной вуз
b Имя БД BOOK
c Название АИБС АИБС ИРБИС